000 00785nam a2200289 a 4500
003 AR-BaBNM
005 20251128210612.0
008 082120s2002 ||||||||||||||000 | spa||
020 _a950-40-0017-7
040 _cAR-BaBNM
100 1 _aLévi-Strauss, Claude
245 0 0 _aMito y significado
260 _aBuenos Aires
_bAlianza Editorial
_c1986
300 _a97 p.
490 0 _aLibro de Bolsillo
_vv. 1228
500 _aContiene referencias bibliográficas
650 4 _aANTROPOLOGIA CULTURAL Y SOCIAL
650 4 _aMITOLOGIA
650 4 _aRELIGIONES PRIMITIVAS
650 4 _aLITERATURA FOLKLORICA
650 4 _aTRADICION ORAL
650 4 _aESTRUCTURALISMO
653 _aMITOS
700 1 _aArruabarrena, Héctor
_eprologuista
942 _cBK
998 _cMARTIN
999 _c16131
_d16131